Statistiken für Luke Littlers Weg ins Darts WM Finale 2024

Klicken Sie hier um das Quiz zu spielen!

Allgemein

  • Dieses Quiz wurde 74 mal gespielt
  • Das Durchschnittsergebnis liegt bei 4 aus 6

Antwortstatistiken

RundeNationalitätErgebnisSpieler% Korrekt
HalbfinaleEngland6:2Rob Cross
95%
ViertelfinaleNordirland5:1Brendan Dolan
85%
AchtelfinaleNiederlande4:1Raymond van Barneveld
85%
3. RundeKanada4:1Matt Campbell
64%
2. RundeEngland3:1Andrew Gilding
59%
1. RundeNiederlande3:0Christian Kist
58%

Verteilung der Resultate

Perzentil nach korrekt beantworteten Fragen

Anzahl Personen mit jedem Resultat

Ihre Resultats-Entwicklung

Sie haben dieses Quiz noch nicht gespielt